Statistics for What is this?

Click here to take the quiz!

General Stats

  • This quiz has been taken 18 times
  • The average score is 8 of 16

Answer Stats

Answer% Correct
A Candle
100%
A Book
88%
A Bow
81%
A Flower
69%
Mario
56%
Luigi
50%
Polarbears
50%
Yoshi
50%
A Bell
44%
A Rubix Cube
44%
Doves
38%
An SNES
31%
A Gameboy
25%
Pigeons
25%
A Camara
0%
Nothingness
0%

Score Distribution

Percentile by Number Answered

Percent of People with Each Score

Your Score History

You have not taken this quiz